La Reforma tributaria : (Record no. 184780)

MARC details
000 -LEADER
campo de control de longitud fija 00974nam a2200193 i 4500
001 - NÚMERO DE CONTROL
campo de control 184780
003 - IDENTIFICADOR DE NÚMERO DE CONTROL
campo de control ES-MaACL
005 - FECHA Y HORA DE LA ÚLTIMA TRANSACCIÓN
campo de control 20250826083219.0
008 - DATOS DE LONGITUD FIJA--INFORMACIÓN GENERAL
campo de control de longitud fija 151222s1909 sp |||| | spa d
245 03 - MENCIÓN DEL TÍTULO
Título La Reforma tributaria :
Resto del título informe que el Fomento del Trabajo Nacional eleva á la Comisión de señores Diputados que entiende en los proyectos de ley que el... Ministro de Hacienda ha sometido à la aprobación de las Cortes en 14 de Abril ultimo.
260 ## - PUBLICACIÓN, DISTRIBUCIÓN, ETC.
Lugar de publicación, distribución, etc. Barcelona :
Nombre del editor, distribuidor, etc. [s.n.],
Fecha de publicación, distribución, etc. 1909 (
Fabricante Imp.Henrich y Compª)
300 ## - DESCRIPCIÓN FÍSICA
Extensión 63 p., 5 h. pleg. de cuadros ;
Dimensiones 20 cm.
594 ## - Nota al título y mención de responsabilidad
Nota al título y mención de responsabilidad Precede al tít.: Fomento del Trabajo Nacional.
650 #4 - PUNTO DE ACCESO ADICIONAL DE MATERIA--TÉRMINO DE MATERIA
Término de materia o nombre geográfico como elemento de entrada Impuestos-
Subdivisión geográfica España
9 (RLIN) 13634
710 2# - ENTRADA AGREGADA--NOMBRE DE ENTIDAD CORPORATIVA
Nombre de entidad corporativa o nombre de jurisdicción como elemento de entrada Fomento del Trabajo Nacional (Cataluña)
9 (RLIN) 4136
852 ## - LOCALIZACIÓN
Ubicación ES-MaACL
Número de control de estantería T-1392-F-8
Nota libre .- Enc. en un vol. facticio conservando la cub. original
852 ## - LOCALIZACIÓN
Ubicación ES-MaACL
Número de control de estantería T-1194-F-2
Nota libre .- Enc. en un vol. facticio conservando la cub. original
Holdings
Estatus retirado Estado de pérdida Estado de daño No para préstamo Colección Biblioteca de origen Biblioteca actual Ubicación en estantería Fecha de adquisición Fuente de adquisición Total de préstamos Signatura topográfica completa Código de barras Visto por última vez Precio de reemplazo Tipo de ítem Koha
        Colección de folletos Biblioteca del Ateneo de Madrid Biblioteca del Ateneo de Madrid Depósito folletos 25/04/2017     T-1194-F-2 1197451 23/02/2023 23/02/2023 Folleto
        Colección de folletos Biblioteca del Ateneo de Madrid Biblioteca del Ateneo de Madrid Depósito folletos 22/12/2015     T-1392-F-8 1194579 23/02/2023 23/02/2023 Folleto